000 00551nam a2200181 i 4500
001 22595
003 ES-MaACL
005 20230906152725.0
007 t|
008 021203s1934 sp ||||1| spa d
100 1 _aAlonso-Misol, Félix.
_920362
245 1 0 _aElementos de Análisis matemático y sus aplicaciones /
_cpor Félix Alonso-Misol.
250 _a3ª ed.
260 _aMadrid :
_b[s.n.,
_c1934] (
_fSucs. de Rivadeneyra)
300 _a2 v. ;
_c25 cm.
852 _aES-MaACL
_jF-16044-45
_bR.20866
852 _aES-MaACL
_jC-4661-62
_bR.24357
999 _c22595
_d22595